000 01107nam a2200325 i 4500
001 000024838
003 DO-SdBNP
005 20251029140222.0
007 ta
008 110204s1977 ve r 000 0 spa d
040 _aDO-SdBNP
_bspa
_cBNPHU
_erda
041 _aspa
082 4 _a330.987
_bR185c 1977
_222
100 1 _aRancel, Domingo Alberto.
_eautor
_4aut.
_950981
245 1 0 _aCapital y desarrollo /
_cDomingo Alberto Rangel.
250 _aSegunda edición
264 1 _aCaracas, Venezuela :
_bUniversidad Central de Venezuela. Facultad de Ciencias Económicas y Sociales,
_c1977.
300 _avolumen ;
_c22 cm.
336 _atexto
_btxt
_2rdacontent
337 _asin mediación
_bn
_2rdamedia
338 _avolumen
_bnc
_2rdacarrier
490 0 _aLibros
500 _aLa biblioteca posee el v.2
505 0 _av.1--
_tLa etapa agraria --
_gv. 2--
_tEl rey petróleo.
650 4 _aCapital
_zVenezuela
_930629
650 4 _aIndustria del petróleo
_zVenezuela
_930630
651 4 _aVenezuela
_xCondiciones económicas
_926230
910 _aValidado. Control de calidad MFF
942 _2ddc
_cLBS1
999 _c24331
_d24331